000 00500nam a2200181Ia 4500
999 _c7618
_d7618
003 OSt
005 20200128104246.0
008 190216s9999||||xx |||||||||||||| ||und||
020 _a9788180545344
040 _coclc
082 _a658.3
_bPRA/O
100 _aPrasad, L M
_91259
245 0 _aOrganizational Behaviour /
_cL M Prasad
250 _a4th ed.
260 _bSultan Chand&Sons,
_c2010.
_aNew Delhi:
300 _a732p
942 _cBK
_2ddc
_h658.3
_iPRA/O
_k658.3
_mPRA/O